000 004760000a22001810004500
020 _a0-687-02491-9
041 0 _aENG
082 0 4 _aG 253.5 C6412b
100 1 _aClinebell, Howard J.
245 1 0 _aBasic types of pastoral counseling / Howard J. Clinebell
260 _aNashville, TN., USA : Abingdon
300 _a318 Pag
001 6429
942 _cBK
999 _c36699
_d36699
336 _atexto
_btxt
_2rdacontent
337 _2rdamedia
_asin mediación
_bn
338 _2rdacarrier
_avolumen
_bnc